Welcome to Marium Abdulla Library

Embrace knowledge with a breath of fresh air.

Browse Collection

Marium Abdulla Library

Places of the soul : (Record no. 1994)

MARC details
000 -LEADER
fixed length control field 02222cam a2200313 a 4500
001 - CONTROL NUMBER
control field 2353
003 - CONTROL NUMBER IDENTIFIER
control field IVS
005 - DATE AND TIME OF LATEST TRANSACTION
control field 20250828160639.0
008 - FIXED-LENGTH DATA ELEMENTS--GENERAL INFORMATION
fixed length control field 931018s1993 enka b 001 0 eng
010 ## - LIBRARY OF CONGRESS CONTROL NUMBER
LC control number 93218988
020 ## - INTERNATIONAL STANDARD BOOK NUMBER
International Standard Book Number 1855383055 :
Terms of availability $19.00 (USA)
040 ## - CATALOGING SOURCE
Original cataloging agency DLC
Transcribing agency DLC
Modifying agency DLC
050 00 - LIBRARY OF CONGRESS CALL NUMBER
Classification number NA2542.4
Item number .D36 1993
082 00 - DEWEY DECIMAL CLASSIFICATION NUMBER
Classification number 720.613 DAY
Edition information 20
Item number 2353
100 1# - MAIN ENTRY--PERSONAL NAME
Personal name Day, Christopher,
Dates associated with a name 1942-
245 10 - TITLE STATEMENT
Title Places of the soul :
Remainder of title architecture and environmental design as a healing art /
Statement of responsibility, etc. Christopher Day.
250 ## - EDITION STATEMENT
Edition statement Pbk. ed.
260 ## - PUBLICATION, DISTRIBUTION, ETC.
Place of publication, distribution, etc. London :
Name of publisher, distributor, etc. Aquarian/Thorsons,
Date of publication, distribution, etc. 1993.
300 ## - PHYSICAL DESCRIPTION
Extent 192 p. :
Other physical details ill. ;
Dimensions 24 cm.
504 ## - BIBLIOGRAPHY, ETC. NOTE
Bibliography, etc. note Includes bibliographical references and index.
520 ## - SUMMARY, ETC.
Summary, etc. Revised to incorporate the changes in opinions and attitudes since its first publication, the second edition of 'Places of the Soul' has brought Christopher Day's classic text into the 21st century. This new edition of the seminal text reminds us that true sustainable design does not simply mean energy efficient building. Sustainable buildings must provide for the 'soul'. For Christopher Day architecture is not just about a building's appearance, but how the building is experienced. 'Places of the Soul' presents buildings as environment, intrinsic to their surroundings, and offers design principles that will open the eyes of the architecture student and professional alike, presenting ideas quite different to the orthodoxy of modern architectural education. Christopher Day's experience as an architect, self-builder, professor and sculptor have all added to the development of his ideas that encompass issues of economic and social sustainability, commercial pressures and consensus design. This book presents these ideas and outlines universal principles that will be of interest and value to architects, builders, planners and developers alike.
650 #0 - SUBJECT ADDED ENTRY--TOPICAL TERM
Topical term or geographic name entry element Architecture
General subdivision Psychological aspects.
650 #0 - SUBJECT ADDED ENTRY--TOPICAL TERM
Topical term or geographic name entry element design theory
650 #0 - SUBJECT ADDED ENTRY--TOPICAL TERM
Topical term or geographic name entry element traditional building
650 #0 - SUBJECT ADDED ENTRY--TOPICAL TERM
Topical term or geographic name entry element Environmental aspects.
906 ## - LOCAL DATA ELEMENT F, LDF (RLIN)
a 7
b cbc
c orignew
d 3
e ncip
f 19
g y-gencatlg
942 ## - ADDED ENTRY ELEMENTS (KOHA)
Source of classification or shelving scheme Dewey Decimal Classification
Koha item type Book
Suppress in OPAC No
Holdings
Date last seen Total checkouts Full call number Barcode Date last checked out Price effective from Koha item type Lost status Damaged status Not for loan Collection Withdrawn status Home library Current library Shelving location Date acquired Cost, normal purchase price
02/28/2025 5 720.613 DAY 2353 01/30/2025 10/26/2021 Book       Architecture   Marium Abdulla Library Marium Abdulla Library Non-Ref 01/24/2008 3500.00